The analysis of mind

Gardado en:
Detalles Bibliográficos
Autor Principal: Russell, Bertrand (Author)
Formato: Libro
Idioma:inglés
Publicado: Londres George Allen & Unwin 1921
Series:Muirhead Library of Philosophy
Subjects:
Tags: Engadir etiqueta
Sen Etiquetas, Sexa o primeiro en etiquetar este rexistro!

MARC

LEADER 00000nam a2200000 a 4500
001 UCZ5328
003 CL-VaPUC
008 951117e19210000UK |||||||||||||||||eng|d
082 0 4 |a 128.2  |b RUS  |2 21 
100 0 |a Russell, Bertrand  |e author  |9 323650 
245 1 4 |a The analysis of mind 
300 |a 310 p 
942 |c BK 
945 |d 19951117 00:00:00  |a lriquelm 
260 |a Londres  |b George Allen & Unwin  |c 1921 
650 0 |a Antropología   |9 233030 
650 0 |a Mente  |9 330838 
650 0 |a Filosofía del espíritu  |9 320175 
650 7 |a INDIVIDUO  |2 CL-VaPUC  |9 334576 
650 0 |a Naturaleza humana   |9 308593 
583 |a last modification  |c 19951117 00:00:00  |k Rodrigo Vera 
490 0 |a Muirhead Library of Philosophy 
999 |c 241646  |d 241644 
952 |0 0  |1 0  |4 0  |6 128_200000000000000_RUS_1921  |7 0  |8 P  |9 254026  |a BIBEDU  |b BIBEDU  |c BIBEDU_PB  |d 2019-11-19  |i 1571567  |o 128.2 RUS 1921  |p 1571567  |r 2024-01-25  |w 2019-11-19  |y BK  |k FIL